| 000 | 00959nac a22002417a 4500 | ||
|---|---|---|---|
| 001 | BR7326073 | ||
| 003 | BR-BrBNA | ||
| 005 | 20240105113715.0 | ||
| 008 | 230509b bl.|||m| |||| 00| 0 por d | ||
| 040 |
_aBR-BrBNA _bpor _cBiblioteca Nacional de Agricultura |
||
| 072 | _aL00 | ||
| 090 | _a5240 BR7326073 | ||
| 100 | 1 | _aLopez, A. | |
| 110 | 1 |
_aSecretaria de Estado dos Negocios da Agricultura, Industria e Comercio, Porto Alegre, RS (Brasil). Seccao de Informacoes e Propaganda Agricola _98949 |
|
| 245 | 1 | _aA exploracao ovina e o aperfeicoamento da producao lanigera (Diferentes aspectos do tema nas conferencias pronunciadas em Uruguaiana e Porto Alegre, no dias 1 e 23 de Dezembro de 1943)[Brasil] | |
| 260 | 3 |
_aPorto Alegre, RS (Brasil): _c1944. |
|
| 300 | _a18 p. | ||
| 490 |
_aSIPA. Serie C (Brazil) _vno. 113 _x |
||
| 650 | _aProducao animal | ||
| 650 | _aCarneiro | ||
| 909 |
_a202312 _bLúcia Elande _c55 _dLúcia Elande |
||
| 942 |
_2AGRIS _n0 _cMS |
||
| 999 |
_c265087 _d265087 |
||